00433nam a2200109 i 4500001000300000245013800003260002700141040000800168041000800176008004100184856009800225bg 0aObróbka cieplna kół zębatych :bI Ogólnopolska konferencja naukowo-techniczna, Gorzów Wlkp. - Pszczew, 8-9 grudnia 1983 r. aGorzów Wlkp.,c1983. cBPK apol s pl f |000 0 pol  uhttp://koha.tu.koszalin.pl/cgi-bin/koha/opac-detail.pl?biblionumber=28238yKatalog online BPK